[Event "FICGS class C 000232 email"]
[Site "FICGS email"]
[Date "2015.10.19"]
[Round "1"]
[White "Zatiek, Leandro"]
[Black "Jempty, George"]
[Result "0-1"]
[WhiteElo "1800"]
[BlackElo "1904"]
[PlyCount "36"]
[EventDate "2015.??.??"]
[EventType "tourn (corr)"]
[EventRounds "1"]
[SourceTitle "Corr 2022"]
[Source "ChessBase"]
[SourceDate "2021.10.24"]
[SourceVersion "1"]
[SourceVersionDate "2021.10.24"]
[SourceQuality "1"]

1. e4 e5 2. Nf3 Nc6 3. d4 exd4 4. Nxd4 Nf6 5. f3 Bc5 6. Be3 Nxd4 7. Bxd4 Nxe4 8. fxe4 Qh4+ 9. g3 Qxe4+ 10. Qe2 Qxe2+ 11. Bxe2 Bxd4 12. c3 Bc5 13. Nd2 d5 14. 0-0-0 c6 15. Nb3 Be3+ 16. Kb1 0-0 17. Rhf1 Bh3 18. Rf3 Rae8 0-1

[Event "FICGS class C 000226 email"]
[Site "FICGS email"]
[Date "2015.10.14"]
[Round "1"]
[White "Hilbert, Stephan"]
[Black "Zatiek, Leandro"]
[Result "1-0"]
[WhiteElo "1644"]
[BlackElo "1800"]
[PlyCount "33"]
[EventDate "2015.??.??"]
[EventType "tourn (corr)"]
[EventRounds "1"]
[SourceTitle "Corr 2022"]
[Source "ChessBase"]
[SourceDate "2021.10.24"]
[SourceVersion "1"]
[SourceVersionDate "2021.10.24"]
[SourceQuality "1"]

1. b4 d5 2. Bb2 Bf5 3. e3 e6 4. Nf3 Nf6 5. a3 Be7 6. d3 0-0 7. Nbd2 Nbd7 8. Be2 Rc8 9. c4 dxc4 10. Nxc4 c5 11. b5 b6 12. 0-0 Qc7 13. h3 Rfd8 14. Qb3 Nf8 15. Be5 Qb7 16. Nh4 Bg6 17. Bf3 1-0

[Event "FICGS class C 000231 email"]
[Site "FICGS email"]
[Date "2015.09.30"]
[Round "1"]
[White "Cesbron, Guy"]
[Black "Zatiek, Leandro"]
[Result "1-0"]
[WhiteElo "1904"]
[BlackElo "1800"]
[PlyCount "21"]
[EventDate "2015.??.??"]
[EventType "tourn (corr)"]
[EventRounds "1"]
[SourceTitle "Corr 2022"]
[Source "ChessBase"]
[SourceDate "2021.10.24"]
[SourceVersion "1"]
[SourceVersionDate "2021.10.24"]
[SourceQuality "1"]

1. d4 Nf6 2. c4 e6 3. Nf3 d5 4. Nc3 Nc6 5. Bg5 Be7 6. e3 h6 7. Bxf6 Bxf6 8. Bd3 0-0 9. 0-0 Ne7 10. Rc1 b6 11. cxd5 1-0

[Event "FICGS class C 000231 email"]
[Site "FICGS email"]
[Date "2015.09.30"]
[Round "1"]
[White "Zatiek, Leandro"]
[Black "Duenas, Alexis"]
[Result "0-1"]
[WhiteElo "1800"]
[BlackElo "1901"]
[PlyCount "98"]
[EventDate "2015.??.??"]
[EventType "tourn (corr)"]
[EventRounds "1"]
[SourceTitle "Corr 2022"]
[Source "ChessBase"]
[SourceDate "2021.10.24"]
[SourceVersion "1"]
[SourceVersionDate "2021.10.24"]
[SourceQuality "1"]

1. e4 c5 2. Nf3 d6 3. d4 cxd4 4. Nxd4 Nf6 5. Nc3 a6 6. Be2 e5 7. Nb3 Be7 8. 0-0 0-0 9. Be3 Be6 10. f4 exf4 11. Bxf4 Nc6 12. Kh1 d5 13. exd5 Nxd5 14. Nxd5 Qxd5 15. Qxd5 Bxd5 16. Rad1 Be6 17. Bf3 Rad8 18. Bc7 Rxd1 19. Rxd1 Rc8 20. Bg3 g6 21. c3 a5 22. Bxc6 bxc6 23. Nd4 Bxa2 24. Ra1 Bd5 25. Rxa5 c5 26. Nf3 f6 27. Nd2 Kf7 28. Bf4 Ra8 29. Rxa8 Bxa8 30. c4 Bb7 31. Be3 Ba6 32. Nb3 Bxc4 33. Nxc5 f5 34. b4 Bf6 35. Nd7 Bg7 36. Nb6 Bb5 37. Nd5 Bc4 38. Nb6 Ba6 39. Nd5 Bb7 40. Nb6 Bc6 41. Nc8 Ke6 42. Na7 Be4 43. b5 Kd5 44. b6 Kc4 45. Nc8 Bf8 46. Bf4 Kc5 47. Be3+ Kb5 48. Kg1 Bb7 49. Na7+ Ka6 0-1

[Event "FICGS rapid B 000234 email"]
[Site "FICGS email"]
[Date "2015.09.21"]
[Round "1"]
[White "Satonnet, Patrick"]
[Black "Zatiek, Leandro"]
[Result "1-0"]
[WhiteElo "1760"]
[BlackElo "1800"]
[PlyCount "31"]
[EventDate "2015.??.??"]
[EventType "tourn (rapid)"]
[EventRounds "6"]
[SourceTitle "Corr 2022"]
[Source "ChessBase"]
[SourceDate "2021.10.24"]
[SourceVersion "1"]
[SourceVersionDate "2021.10.24"]
[SourceQuality "1"]

1. Nf3 Nf6 2. c4 e6 3. g3 Nc6 4. Bg2 d5 5. 0-0 Be7 6. d4 0-0 7. b3 b6 8. Bb2 Bb7 9. Nbd2 Nb4 10. a3 Na6 11. Rc1 c5 12. cxd5 Bxd5 13. dxc5 Nxc5 14. b4 Nce4 15. Nxe4 Nxe4 16. Qd3 1-0

[Event "FICGS rapid B 000234 email"]
[Site "FICGS email"]
[Date "2015.09.21"]
[Round "1"]
[White "Zatiek, Leandro"]
[Black "Domingo Gadea, Jordi"]
[Result "0-1"]
[WhiteElo "1800"]
[BlackElo "1755"]
[PlyCount "52"]
[EventDate "2015.??.??"]
[EventType "tourn (rapid)"]
[EventRounds "6"]
[SourceTitle "Corr 2022"]
[Source "ChessBase"]
[SourceDate "2021.10.24"]
[SourceVersion "1"]
[SourceVersionDate "2021.10.24"]
[SourceQuality "1"]

1. e4 e5 2. Nf3 f5 3. d3 Nc6 4. Nc3 Bb4 5. Bd2 Nf6 6. a3 Bxc3 7. Bxc3 d6 8. Be2 fxe4 9. dxe4 Nxe4 10. 0-0 Nxc3 11. bxc3 0-0 12. Bc4+ Kh8 13. Bd5 Ne7 14. c4 c6 15. Be4 d5 16. cxd5 cxd5 17. Bxh7 Bg4 18. Nxe5 Bxd1 19. Nf7+ Rxf7 20. Raxd1 Kxh7 21. c4 d4 22. f3 Nf5 23. Rd3 Ne3 24. Rf2 Qb6 25. h3 Qb1+ 26. Kh2 Qxd3 0-1

[Event "SC-2014-0-00238"]
[Site "LSS email"]
[Date "2014.08.31"]
[Round "?"]
[White "Zatiek, Leandro"]
[Black "Gazen, Louis"]
[Result "0-1"]
[WhiteElo "1775"]
[BlackElo "1885"]
[PlyCount "28"]
[EventDate "2014.07.31"]
[EventType "tourn (corr)"]
[EventRounds "6"]
[EventCountry "GER"]
[SourceTitle "Corr 2022"]
[Source "ChessBase"]
[SourceDate "2021.10.24"]
[SourceVersion "1"]
[SourceVersionDate "2021.10.24"]
[SourceQuality "1"]

1. e4 e5 2. Nf3 Nf6 3. Nc3 Nc6 4. Bc4 Nxe4 5. Bxf7+ Kxf7 6. Nxe4 d5 7. Ng3 e4 8. Ng1 Qf6 9. Qh5+ g6 10. Qxd5+ Be6 11. Qxe4 Nb4 12. c4 Re8 13. N1e2 Bh3 14. Qf3 Nc2+ 0-1

[Event "SC-2014-0-00238"]
[Site "LSS email"]
[Date "2014.08.30"]
[Round "?"]
[White "Laczay, Istvan"]
[Black "Zatiek, Leandro"]
[Result "1-0"]
[WhiteElo "1718"]
[BlackElo "1775"]
[PlyCount "57"]
[EventDate "2014.07.31"]
[EventType "tourn (corr)"]
[EventRounds "6"]
[EventCountry "GER"]
[SourceTitle "Corr 2022"]
[Source "ChessBase"]
[SourceDate "2021.10.24"]
[SourceVersion "1"]
[SourceVersionDate "2021.10.24"]
[SourceQuality "1"]

1. d4 d5 2. Nf3 Nf6 3. c4 e6 4. g3 Be7 5. Bg2 Nc6 6. 0-0 0-0 7. b3 b6 8. Bb2 Bb7 9. Nc3 dxc4 10. Ne5 Na5 11. Bxb7 Nxb7 12. bxc4 Na5 13. Qd3 a6 14. Rfd1 Bb4 15. Nf3 Nb7 16. e4 c5 17. d5 Bxc3 18. Bxc3 exd5 19. cxd5 b5 20. Kg2 h6 21. e5 Nh7 22. a3 Ng5 23. Nh4 c4 24. Qd4 Qd7 25. f4 Nh7 26. Qb6 Nd8 27. a4 Qb7 28. Qd6 Ne6 29. Nf5 1-0